Praktická škola prodeje

Gespeichert in:
Bibliographische Detailangaben
1. Verfasser: Bureš, Ivan
Format: Buch
Sprache:Tschechisch
Veröffentlicht: Bratislava UNIAPRESS 1991
Ausgabe:1. vyd.
Tags: Tag hinzufügen
Keine Tags, Fügen Sie das erste Tag hinzu!

MARC

LEADER 00000nam a2200000 4500
001 c024471
005 20250630073410.0
041 0 |a cze 
044 |a SK 
245 1 0 |a Praktická škola prodeje  |c Ivan Bureš 
250 |a 1. vyd. 
264 1 |a Bratislava  |b UNIAPRESS  |c 1991 
300 |a 62 s. 
100 1 |a Bureš, Ivan